Alphabet under construction / (Record no. 9107)

MARC details
000 -LEADER
fixed length control field 01104cam a2200349 a 4500
001 - CONTROL NUMBER
control field 9107
003 - CONTROL NUMBER IDENTIFIER
control field FISKH
005 - DATE AND TIME OF LATEST TRANSACTION
control field 20251121095051.0
008 - FIXED-LENGTH DATA ELEMENTS--GENERAL INFORMATION
fixed length control field 010827s2002 nyua a 000 1 eng
010 ## - LIBRARY OF CONGRESS CONTROL NUMBER
LC control number 2001005210
020 ## - INTERNATIONAL STANDARD BOOK NUMBER
International Standard Book Number 0805068481
Qualifying information alk. paper
020 ## - INTERNATIONAL STANDARD BOOK NUMBER
International Standard Book Number 9780439611978
020 ## - INTERNATIONAL STANDARD BOOK NUMBER
International Standard Book Number 9780805068481
Qualifying information (alk. paper)
035 ## - SYSTEM CONTROL NUMBER
System control number 12515342
040 ## - CATALOGING SOURCE
Original cataloging agency DLC
Transcribing agency DLC
Modifying agency DLC
Language of cataloging eng
050 ## - LIBRARY OF CONGRESS CALL NUMBER
Classification number PZ7.F5994 A
082 ## - DEWEY DECIMAL CLASSIFICATION NUMBER
Classification number 428.1
100 1# - MAIN ENTRY--PERSONAL NAME
Personal name Fleming, Denise,
Dates associated with a name 1950-
245 10 - TITLE STATEMENT
Title Alphabet under construction /
Statement of responsibility, etc. Denise Fleming.
260 ## - PUBLICATION, DISTRIBUTION, ETC.
Place of publication, distribution, etc. New York :
Name of publisher, distributor, etc. Henry Holt,
Date of publication, distribution, etc. 2002.
300 ## - PHYSICAL DESCRIPTION
Extent 32 unnumbered pages :
Other physical details color illustrations ;
Dimensions 28 cm
505 ## - FORMATTED CONTENTS NOTE
Formatted contents note C<br/>
520 ## - SUMMARY, ETC.
Summary, etc. A mouse works his way through the alphabet as he folds the "F," measures the "M," and rolls the "R."
521 8# - TARGET AUDIENCE NOTE
Target audience note 150<br/>
Source Lexile<br/><br/>
521 8# - TARGET AUDIENCE NOTE
Target audience note C<br/>
Source Raz-Plus<br/>
650 #1 - SUBJECT ADDED ENTRY--TOPICAL TERM
Topical term or geographic name entry element Mice
Form subdivision Fiction.
650 #1 - SUBJECT ADDED ENTRY--TOPICAL TERM
Topical term or geographic name entry element Alphabet
Form subdivision Fiction.
655 #7 - INDEX TERM--GENRE/FORM
Genre/form data or focus term Fiction.
Source of term lcgft
Authority record control number or standard number https://id.loc.gov/authorities/genreForms/gf2014026339
906 ## - LOCAL DATA ELEMENT F, LDF (RLIN)
a 7
b cbc
c orignew
d 1
e ecip
f 20
g y-gencatlg
942 ## - ADDED ENTRY ELEMENTS (KOHA)
Source of classification or shelving scheme Dewey Decimal Classification
Koha item type Books
Suppress in OPAC No
Holdings
Withdrawn status Lost status Source of classification or shelving scheme Damaged status Not for loan Collection Home library Current library Shelving location Date acquired Total Checkouts Full call number Barcode Date last seen Copy number Price effective from Koha item type
    Dewey Decimal Classification     Juvenile Fiction Footprints International School Library Network Toul Tom Poung Campus Footprints International School Library Network Toul Tom Poung Campus TTP Primary Green Bookshelves 11/21/2025   FLE 428.1 PZ7.F5994 A FISTK01964 11/21/2025 1 11/21/2025 Books